| 000 | 01964nam0a2200445 4500 | ||
|---|---|---|---|
| 001 | RU\NLR\bibl\1319147 | ||
| 005 | 20250615160417.0 | ||
| 010 | _a978-5-9573-1536-0 | ||
| 021 |
_aRU _b2008-90345 _95279 |
||
| 035 | _a(nilc)RSL-KNO-004144953 | ||
| 035 | _a(NLR Aleph) 001304510 | ||
| 090 |
_a640332 _c640332 |
||
| 100 | _a20081112d2008 |||y0rusy50 ca | ||
| 101 | 1 |
_arus _ceng |
|
| 102 | _aRU | ||
| 105 | _ay zzzz||||| | ||
| 200 | 1 |
_aМагия стихий. Огонь, Воздух, Вода, Земля. Определите свою природную стихию _dElemental witch. Fire, Air, Water, Earth. Discover your natural affinity _fТэмми Салливан _g[пер. с англ. В. Е. Венюковой] _zeng |
|
| 210 |
_aСанкт-Петербург _cВесь _d2008 |
||
| 215 |
_a175 с. _d23 |
||
| 225 | 1 | _aВикка. Иное знание | |
| 225 | 1 | _aИздательство "Весь" - добрые вести | |
| 300 | _aАвт. также на англ. яз.: Tammy Sullivan | ||
| 320 | _aБиблиогр.: с. 174-175 | ||
| 510 | 1 |
_6z22790 _aElemental witch. Fire, Air, Water, Earth. Discover your natural affinity _zeng |
|
| 606 | 1 |
_aВикка _92430875 _3RU\NLR\AUTH\6601665141 |
|
| 610 | 0 | _aРелигия -- Верования -- Магия. Колдовство. Ведовство -- Викка | |
| 610 | 0 | _aИстория. Исторические науки -- Этнография -- Религия (верования) -- Вредоносная магия (ведовство) -- Викка | |
| 610 | 0 | _aвикка | |
| 686 |
_aЭ240.03,0 _2rubbk |
||
| 686 |
_aТ597.812,0 _2rubbk |
||
| 686 | _aЭ240.03 | ||
| 700 | 1 |
_aСалливан _bТ. _gТэмми _4070 |
|
| 790 | 1 |
_6z22510 _aSullivan _bT. _gTammy _4070 |
|
| 801 | 0 |
_aRU _bРКП _c20081112 _grcr |
|
| 801 | 1 |
_aRU _bРГБ _c20081112 |
|
| 801 | 2 |
_aRU _bNLR _c20090122 _grcr |
|
| 942 | _cBOOK | ||
| 980 | _aNB | ||